Sports Quiz

Random Sports or NBA Quiz

NBA States Minefield Quiz Stats

 Plays Quiz Updated Jun 16, 2017

Support Sporcle.
Go Orange.
Score 0/24 Timer 04:00
1 Play Today
# of Teams State % Correct
4???
92.3%
2???
88.3%
3???
84.5%
2???
83.6%
1???
70.9%
1???
69.4%
1???
68.6%
1???
68.2%
1???
68.2%
1???
67.7%
1???
66.2%
1???
65.1%
# of Teams State % Correct
1???
64.9%
1???
64.6%
1???
63.3%
1???
62.7%
1???
62%
1???
61.8%
1???
61.7%
1???
61.1%
1???
56.3%
1???
54.7%
-???
54.4%
1???
46.8%

You're not logged in!

Compare scores with friends on all Sporcle quizzes.
OR
Log In
Forgot?

From the Vault

Almost Useless Movie Trivia VIII

by AntFan

This quiz won't make you any smarter, but it will teach you how to spell 'Supercalifragilisticexpialidocious' (not really).
Remove Ads.
Support Sporcle.
Get the best of Sporcle when you Go Orange. This ad-free experience offers more features, more stats, and more fun while also helping to support Sporcle. Thank you for becoming a member.

Show Comments

Extras

Top Quizzes Today


Score Distribution

Your Account Isn't Verified!

In order to create a playlist on Sporcle, you need to verify the email address you used during registration. Go to your Sporcle Settings to finish the process.

Report this User

Report this user for behavior that violates our Community Guidelines.

Details: